Buffy the vampire slayer. Season two. disc 2, ... Read More
Available copies
- 1 of 1 copy available at LARL/NWRL Consortium.
Current holds
0 current holds with 1 total copy.
Show Only Available Copies
| Location | Call Number / Copy Notes | Barcode | Shelving Location | Status | Due Date |
|---|---|---|---|---|---|
| Roseau Public Library | DVD BUF (Text) | 35500004166581 | Main | Available | - |
Record details
- Physical Description: 1 videodisc (240 min.) : sd., col. ; 4 3/4 in.
- Publisher: [Beverly Hills, Calif.] : Twentieth Century Fox Home Entertainment, 2002.
Content descriptions
| General Note: | Title from disc surface. Originally produced for television broadcast in 1997. Collection of all 22 second season episodes. Special features: Audio commentaries on selected episodes; special interviews with Joss Whedon; ... Read More |
| Formatted Contents Note: | Reptile boy -- Halloween -- Lie to me -- The dark ... Read More |
| Participant or Performer Note: | Sarah Michelle Gellar, David Boreanaz, Alyson ... Read More |
| Summary, etc.: | Buffy had a bad reputation at her old school in ... Read More |
| Target Audience Note: | MPAA rating: Not rated. |
| System Details Note: | DVD. |
Search for related items by subject
| Subject: | Buffy the Vampire Slayer (Fictitious character) > Drama. Vampires > Drama. |
| Genre: | Feature films. Video recordings. Horror television programs. |
| LDR | 02524cgm a2200505Ka 4500 | ||
|---|---|---|---|
| 001 | 88455 | ||
| 003 | LARL_NWRL_CONSORTIUM | ||
| 005 | 20080208120155.0 | ||
| 007 | vd cgaizu | ||
| 008 | 021011p20021997cau240 g vleng d | ||
| 024 | 1 | . | ‡a024543038634 |
| 028 | 4 | 2. | ‡a2003863 ‡b20th Century Fox Home Entertainment |
| 035 | . | ‡a(OCoLC)50769924 | |
| 040 | . | ‡aOWM ‡cOWM ‡dOCLCQ ‡dNRG | |
| 245 | 1 | 0. | ‡aBuffy the vampire slayer. ‡pSeason two. ‡ndisc 2, episodes 5-8 ‡h[DVD/videorecording] / ‡cMutant Enemy Inc. in association with Kuzui Enterprises, Inc/Sandollar Television, Inc. |
| 246 | 3 | 0. | ‡aBuffy, the vampire slayer. ‡pThe complete second season. ‡nDisc two, episodes 5-8 |
| 260 | . | ‡a[Beverly Hills, Calif.] : ‡bTwentieth Century Fox Home Entertainment, ‡c2002. | |
| 300 | . | ‡a1 videodisc (240 min.) : ‡bsd., col. ; ‡c4 3/4 in. | |
| 538 | . | ‡aDVD. | |
| 500 | . | ‡aTitle from disc surface. | |
| 511 | 1 | . | ‡aSarah Michelle Gellar, David Boreanaz, Alyson Hannigan, Nicholas Brendon, Anthony Stewart Head, Charisma Carpenter. |
| 500 | . | ‡aOriginally produced for television broadcast in 1997. | |
| 521 | 8 | . | ‡aMPAA rating: Not rated. |
| 500 | . | ‡aCollection of all 22 second season episodes. | |
| 500 | . | ‡aSpecial features: Audio commentaries on selected episodes; special interviews with Joss Whedon; behind-the-scenes Buffy featurettes; Buffy television spots; original scripts for selected episodes; photo galleries and cast bios. | |
| 505 | 0 | 0. | ‡tReptile boy -- ‡tHalloween -- ‡tLie to me -- ‡tThe dark age. |
| 520 | . | ‡aBuffy had a bad reputation at her old school in Los Angeles because she had burned the gym down. In her new high school, Buffy meets an eccentric librarian who knows that Buffy is the "chosen one." | |
| 650 | 0. | ‡aBuffy the Vampire Slayer (Fictitious character) ‡vDrama. | |
| 650 | 0. | ‡aVampires ‡vDrama. | |
| 655 | 0. | ‡aFeature films. ‡0(LARL_NWRL_CONSORTIUM)175625 | |
| 655 | 0. | ‡aVideo recordings. ‡0(LARL_NWRL_CONSORTIUM)175824 | |
| 655 | 0. | ‡aHorror television programs. ‡0(LARL_NWRL_CONSORTIUM)175716 | |
| 700 | 1 | . | ‡aGellar, Sarah Michelle, ‡d1977- ‡0(LARL_NWRL_CONSORTIUM)126737 |
| 700 | 1 | . | ‡aHannigan, Alyson, ‡d1974- ‡0(LARL_NWRL_CONSORTIUM)137183 |
| 700 | 1 | . | ‡aBrendon, Nicholas, ‡d1971- ‡0(LARL_NWRL_CONSORTIUM)203337 |
| 700 | 1 | . | ‡aHead, Anthony Stewart, ‡d1954- ‡0(LARL_NWRL_CONSORTIUM)144793 |
| 700 | 1 | . | ‡aCarpenter, Charisma, ‡d1970- ‡0(LARL_NWRL_CONSORTIUM)206405 |
| 700 | 1 | . | ‡aWhedon, Joss, ‡d1964- ‡0(LARL_NWRL_CONSORTIUM)115928 |
| 710 | 2 | . | ‡aMutant Enemy Inc. ‡0(LARL_NWRL_CONSORTIUM)144794 |
| 710 | 2 | . | ‡aKuzui Enterprises. ‡0(LARL_NWRL_CONSORTIUM)144795 |
| 710 | 2 | . | ‡aSandollar Productions. ‡0(LARL_NWRL_CONSORTIUM)144796 |
| 710 | 2 | . | ‡aTwentieth Century Fox Home Entertainment, Inc. ‡0(LARL_NWRL_CONSORTIUM)140752 |
| 901 | . | ‡a88455 ‡bOCLC ‡c88455 ‡tbiblio | |

Add to basket
Permalink
Disable Highlighting